[Event "Cappelle op 32nd"]
[Site "Cappelle la Grande"]
[Date "2016.02.17"]
[Round "6"]
[White "Meskovs, Nikita"]
[Black "Ruffet, Jeremy"]
[Result "1-0"]
[WhiteElo "2518"]
[BlackElo "1865"]
[PlyCount "21"]
[EventDate "2016.02.13"]
[EventType "swiss"]
[EventRounds "9"]
[EventCountry "FRA"]
[SourceTitle "EXT 2017"]
[Source "ChessBase"]
[SourceDate "2016.10.25"]
[SourceVersion "1"]
[SourceVersionDate "2016.10.25"]
[SourceQuality "1"]

1. d4 Nf6 2. c4 c5 3. d5 e6 4. Nc3 exd5 5. cxd5 d6 6. Nf3 g6 7. Bf4 Qb6 8. Qc2 Bf5 9. e4 Qb4 10. Nd2 Bd7 11. Nc4 1-0

[Event "Cappelle op 32nd"]
[Site "Cappelle la Grande"]
[Date "2016.02.15"]
[Round "3"]
[White "Blomqvist, Erik"]
[Black "Ruffet, Jeremy"]
[Result "1-0"]
[WhiteElo "2515"]
[BlackElo "1865"]
[PlyCount "85"]
[EventDate "2016.02.13"]
[EventType "swiss"]
[EventRounds "9"]
[EventCountry "FRA"]
[SourceTitle "EXT 2017"]
[Source "ChessBase"]
[SourceDate "2016.10.25"]
[SourceVersion "1"]
[SourceVersionDate "2016.10.25"]
[SourceQuality "1"]

1. e4 c5 2. Nf3 g6 3. d4 cxd4 4. Nxd4 Nc6 5. c4 Nf6 6. Nc3 Nxd4 7. Qxd4 d6 8. Bg5 Bg7 9. Qd2 0-0 10. Bd3 Be6 11. Rc1 Qa5 12. Nd5 Qxd2+ 13. Kxd2 Bxd5 14. cxd5 Rac8 15. h3 h6 16. Be3 a6 17. b4 g5 18. a4 Nd7 19. a5 Bb2 20. Rc2 Rxc2+ 21. Kxc2 Bg7 22. Kb3 Rc8 23. Bd2 Bd4 24. Rf1 Kg7 25. g3 f6 26. Be2 Rc7 27. f4 b6 28. axb6 Bxb6 29. Bxa6 Ra7 30. Bb5 Nf8 31. h4 g4 32. h5 f5 33. Bc3+ Kf7 34. e5 e6 35. dxe6+ Nxe6 36. exd6 Bd4 37. Bc4 Bxc3 38. Kxc3 Kf6 39. Re1 Ng7 40. b5 Rb7 41. Re7 Rxe7 42. dxe7 Kxe7 43. b6 1-0